000 00440nam a2200157 4500
001 113966
003 ES-MaACL
005 20230906190039.0
007 t|
008 061121s1960 sp r ||||1| spa d
100 1 _aPalma Pradillo, Rafael.
_988620
245 1 0 _aSombra minúscula /
_cRafael Palma Pradillo.
260 _aMadrid :
_b[s. n.],
_c1960 (
_fImp. Bética)
300 _a42 p. ;
_c18 cm.
852 _aES-MaACL
_j2010-F-1
_bR.47040
999 _c113966
_d113966